Statistiques concernant Logos d'universités et grandes écoles françaises

Cliquez ici pour prendre le quiz!

Statistiques générales

  • Ce quiz a été pris 301 fois
  • Le résultat moyen est 6 sur 16

Statistiques - réponses

Réponse% Correct
Sorbonne Université
86%
HEC Paris
76%
Ecole polytechnique
62%
Université de Lyon
43%
École nationale d'administration
40%
Sciences Po Paris
40%
Ecole normale supérieure
38%
École des mines de Paris
34%
Ecole spéciale militaire de Saint-Cyr
34%
CentraleSupélec
33%
Université de Lille
24%
Université Paris-Nanterre
20%
Université de Montpellier
19%
ISAE-Supaéro
13%
Université de Rennes
13%
Ecole nationale des ponts et chaussées
9%

Distribution des résultats

Percentile par nombre de réponses

% des personnes avec chaque résultat

Votre développement - résultats

Vous n’avez pas pris ce quiz